[Event "Seniorenkampioenschap 2008"]
[Site "Oosterbeek"]
[Date "2008.07.07"]
[Round "3"]
[White "Graaf, R.A.G. de"]
[Black "Goossen, T.P.."]
[Result "0-1"]
[WhiteElo "2143"]
[BlackElo "2019"]
[PlyCount "147"]
[EventDate "2008.07.07"]
[EventType "swiss"]
[EventRounds "7"]
[EventCountry "NED"]

1. d4 d5 2. Nf3 e6 3. c4 c6 4. Nc3 Nd7 5. e4 dxe4 6. Nxe4 Ngf6 7. Nc3 Bd6 8.
Be2 O-O 9. O-O e5 10. Bg5 exd4 11. Qxd4 Qc7 12. Rad1 Bc5 13. Qh4 Re8 14. Bd3 h6
15. Bf4 Qa5 16. Bd2 Bf8 17. Bb1 Qh5 18. Qg3 Nb6 19. b3 Bg4 20. Be3 Nbd7 21. h3
Bxf3 22. Qxf3 Qxf3 23. gxf3 Bb4 24. Ne4 Re6 25. Bc1 a5 26. a3 Be7 27. Bc2 Nf8
28. Rfe1 Re8 29. f4 Nxe4 30. Rxe4 Rxe4 31. Bxe4 Bc5 32. Bf3 Ne6 33. Kg2 Kf8 34.
Kg3 f5 35. Rd7 Re7 36. Rxe7 Kxe7 37. Bd1 Bd6 38. h4 g5 39. hxg5 hxg5 40. Bc2
Nxf4 41. Bxf4 Bxf4+ 42. Kf3 Kf6 43. a4 Ke5 44. Ke2 g4 45. Kd3 c5 46. Bd1 Bc1
47. Be2 Kf4 48. Bd1 Bb2 49. Ke2 Bd4 50. Bc2 Ke5 51. Kf1 b6 52. Bd1 Kf4 53. Bc2
Kg5 54. Kg2 Kf4 55. Kf1 Bf6 56. Ke2 Bh4 57. Bd1 Ke5 58. Bc2 f4 59. Ke1 Kd4 60.
Bf5 Kc3 61. Bd7 Kxb3 62. Bb5 Kc3 63. Ba6 Kd3 64. Bb5 Bf6 65. Ba6 Bd4 66. Bb5
Ke4 67. Ba6 f3 68. Bb7+ Kf4 69. Bc6 Bxf2+ 70. Kxf2 g3+ 71. Kf1 Ke3 72. Be8 g2+
73. Kg1 f2+ 74. Kxg2 0-1

[Event "Seniorenkampioenschap 2008"]
[Site "Oosterbeek"]
[Date "2008.07.07"]
[Round "3"]
[White "Arp,  F.L.."]
[Black "Etmans, M.D.."]
[Result "1-0"]
[WhiteElo "1913"]
[BlackElo "2135"]
[PlyCount "73"]
[EventDate "2008.07.07"]
[EventType "swiss"]
[EventRounds "7"]
[EventCountry "NED"]

1. e4 g6 2. d4 c6 3. Nc3 d5 4. f3 Bg7 5. Be3 e6 6. h4 h5 7. e5 b6 8. Bd3 Ba6 9.
Bg5 Qc8 10. Nh3 Bxd3 11. Qxd3 Qa6 12. Nf2 Qxd3 13. Nxd3 Nd7 14. O-O-O Bh6 15.
g4 Ne7 16. Kb1 Bxg5 17. hxg5 O-O-O 18. Nf4 hxg4 19. fxg4 Rdg8 20. Nce2 Kd8 21.
Rh6 Rf8 22. Rdh1 Rhg8 23. c3 Rg7 24. Kc2 Kc7 25. b4 Kb7 26. Rh7 Rfg8 27. Rxg7
Rxg7 28. Rh8 Ng8 29. a4 Nf8 30. Ng3 Kc7 31. Kb3 Kd7 32. b5 cxb5 33. axb5 Ke8
34. c4 dxc4+ 35. Kxc4 f5 36. gxf6 Rc7+ 37. Kd3 1-0

[Event "Seniorenkampioenschap 2008"]
[Site "Oosterbeek"]
[Date "2008.07.07"]
[Round "3"]
[White "Taal, A.P.."]
[Black "Hartoch, R.G.."]
[Result "1/2-1/2"]
[WhiteElo "1930"]
[BlackElo "2216"]
[PlyCount "31"]
[EventDate "2008.07.07"]
[EventType "swiss"]
[EventRounds "7"]
[EventCountry "NED"]

1. d4 g6 2. e4 Bg7 3. Nf3 d6 4. Bd3 e5 5. dxe5 dxe5 6. O-O Nd7 7. Nc3 Ngf6 8.
Bg5 h6 9. Bh4 O-O 10. Nd5 c6 11. Nxf6+ Bxf6 12. Bxf6 Qxf6 13. Qd2 Kg7 14. Qc3
Re8 15. Nd2 b6 16. Rae1 1/2-1/2

[Event "Seniorenkampioenschap 2008"]
[Site "Oosterbeek"]
[Date "2008.07.07"]
[Round "3"]
[White "Piket, J.J.."]
[Black "Grotenhuis, G.H.."]
[Result "1/2-1/2"]
[WhiteElo "2101"]
[BlackElo "1958"]
[PlyCount "66"]
[EventDate "2008.07.07"]
[EventType "swiss"]
[EventRounds "7"]
[EventCountry "NED"]

1. d4 d5 2. Bg5 f6 3. Bf4 c5 4. Bxb8 Rxb8 5. dxc5 e5 6. b4 Ne7 7. c3 Bd7 8. e3
b6 9. cxb6 Qxb6 10. a3 a5 11. Nd2 Nc6 12. b5 Nd8 13. a4 Rc8 14. Qb3 Be6 15. Qb2
Nb7 16. Bd3 Bc5 17. Ne2 O-O 18. Qb1 f5 19. Nb3 Bd6 20. O-O g5 21. Kh1 Rf6 22.
f4 e4 23. fxg5 Rg6 24. Nbd4 Nc5 25. Bc2 Rxg5 26. Nf4 Bf7 27. Qe1 Be5 28. Nc6
Rxc6 29. bxc6 Qxc6 30. Rb1 Nd7 31. Bb3 Nf6 32. Rc1 Qb6 33. Bd1 Ng4 1/2-1/2

[Event "Seniorenkampioenschap 2008"]
[Site "Oosterbeek"]
[Date "2008.07.07"]
[Round "3"]
[White "Duijn, R. van"]
[Black "Leeuwen, E. van"]
[Result "1/2-1/2"]
[WhiteElo "1919"]
[BlackElo "2060"]
[PlyCount "50"]
[EventDate "2008.07.07"]
[EventType "swiss"]
[EventRounds "7"]
[EventCountry "NED"]

1. e4 d5 2. exd5 Nf6 3. Bc4 Nxd5 4. Nc3 c6 5. Qf3 Be6 6. Nh3 Nd7 7. d4 N7f6 8.
Ng5 Bg4 9. Qg3 e6 10. Nge4 Bf5 11. Nxf6+ Nxf6 12. Bd3 Qxd4 13. Bxf5 exf5 14.
O-O O-O-O 15. Be3 Qb4 16. Qe5 Bd6 17. Qxf5+ Kb8 18. a3 Qh4 19. g3 Qh5 20. Qxh5
Nxh5 21. Ne4 Be5 22. Nc5 Nf6 23. Nd3 Bd4 24. Bxd4 Rxd4 25. Rfe1 Re8 1/2-1/2

[Event "Seniorenkampioenschap 2008"]
[Site "Oosterbeek"]
[Date "2008.07.07"]
[Round "3"]
[White "Rooi, P. de"]
[Black "Caspel, R.D.J. van"]
[Result "1/2-1/2"]
[WhiteElo "1951"]
[BlackElo "2056"]
[PlyCount "55"]
[EventDate "2008.07.07"]
[EventType "swiss"]
[EventRounds "7"]
[EventCountry "NED"]

1. d4 g6 2. e4 c6 3. Nf3 d5 4. exd5 cxd5 5. c4 Nf6 6. Nc3 Bg7 7. Qb3 O-O 8. Bg5
dxc4 9. Bxc4 Nc6 10. d5 Na5 11. Qb4 Nxc4 12. Qxc4 a6 13. O-O b5 14. Qh4 Bb7 15.
Rad1 Qa5 16. d6 Bxf3 17. gxf3 b4 18. dxe7 Rfe8 19. Bxf6 bxc3 20. Bxg7 Kxg7 21.
bxc3 Qxc3 22. Rd8 Qf6 23. Qxf6+ Kxf6 24. Rfd1 Kxe7 25. R8d7+ Kf8 26. R1d6 Re7
27. Rd8+ Rxd8 28. Rxd8+ 1/2-1/2

[Event "Seniorenkampioenschap 2008"]
[Site "Oosterbeek"]
[Date "2008.07.07"]
[Round "3"]
[White "Berge, H.J.M. ten"]
[Black "Wilmink, J.."]
[Result "1-0"]
[WhiteElo "1941"]
[BlackElo "2024"]
[PlyCount "65"]
[EventDate "2008.07.07"]
[EventType "swiss"]
[EventRounds "7"]
[EventCountry "NED"]

1. e4 c5 2. Nf3 d6 3. d4 cxd4 4. Nxd4 Nf6 5. Nc3 g6 6. Be3 Bg7 7. f3 Nc6 8. Qd2
O-O 9. g4 Nd7 10. O-O-O Nde5 11. Be2 Bd7 12. h4 Na5 13. b3 Rc8 14. Kb1 a6 15.
h5 Nac6 16. Nd5 Nxd4 17. Bxd4 e6 18. Nb6 Rc6 19. Nxd7 Qxd7 20. f4 Rfc8 21. Rc1
Qc7 22. fxe5 dxe5 23. Be3 Bf8 24. Bd3 Ba3 25. Rcf1 a5 26. Qf2 Rd6 27. hxg6 fxg6
28. Bh6 Rd7 29. Bc4 Qd6 30. Qf6 Re8 31. Bc1 Bc5 32. Rxh7 Rxh7 33. Qxg6+ 1-0

[Event "Seniorenkampioenschap 2008"]
[Site "Oosterbeek"]
[Date "2008.07.07"]
[Round "3"]
[White "Scholten, K.R.."]
[Black "Wouters, J.T.M.."]
[Result "1/2-1/2"]
[WhiteElo "1968"]
[BlackElo "1922"]
[PlyCount "88"]
[EventDate "2008.07.07"]
[EventType "swiss"]
[EventRounds "7"]
[EventCountry "NED"]

1. e4 c6 2. c4 d5 3. exd5 cxd5 4. d4 Nf6 5. Nc3 g6 6. Qb3 Bg7 7. cxd5 O-O 8. g3
Nbd7 9. Bg2 Nb6 10. Nge2 Ne8 11. O-O Nd6 12. Bf4 Bf5 13. Rfd1 Nbc4 14. Rac1 Rc8
15. Nb5 Qb6 16. Nxd6 Qxb3 17. axb3 Nxd6 18. Nc3 a6 19. f3 h5 20. Rd2 Nb5 21.
Be3 Rfd8 22. Rdd1 Nd6 23. Bf1 Rd7 24. Bd3 Bxd3 25. Rxd3 Nf5 26. Bf2 Rxd5 27.
Rcd1 Rd7 28. g4 hxg4 29. fxg4 Nd6 30. Na4 Rc2 31. Rc3 Re2 32. Kf1 Rxf2+ 33.
Kxf2 Ne4+ 34. Ke2 Nxc3+ 35. bxc3 e6 36. Nc5 Rc7 37. g5 Bf8 38. Ne4 Be7 39. Kd3
Kg7 40. c4 Rc8 41. h4 Rh8 42. Rh1 b6 43. Ke3 Rd8 44. Rd1 Rh8 1/2-1/2

[Event "Seniorenkampioenschap 2008"]
[Site "Oosterbeek"]
[Date "2008.07.07"]
[Round "3"]
[White "Peut, A. van der"]
[Black "Haitsma, A.H.."]
[Result "1-0"]
[WhiteElo "1893"]
[BlackElo "2011"]
[PlyCount "137"]
[EventDate "2008.07.07"]
[EventType "swiss"]
[EventRounds "7"]
[EventCountry "NED"]

1. e4 e5 2. Nc3 Nf6 3. Bc4 Nxe4 4. Qh5 Nd6 5. Bb3 g6 6. Qxe5+ Qe7 7. d4 Nc6 8.
Qxe7+ Bxe7 9. Nf3 O-O 10. O-O Nf5 11. Nd5 Bd8 12. c3 Kg7 13. Re1 d6 14. Bg5 f6
15. Bd2 Na5 16. Bc2 c6 17. Nf4 Nc4 18. Bc1 d5 19. b3 Nb6 20. Ba3 Rf7 21. Ne6+
Bxe6 22. Rxe6 Be7 23. Bb2 Nh6 24. Rae1 Ng8 25. h4 Nd7 26. c4 Nb6 27. Bd3 Rd8
28. g4 Rd7 29. g5 Bd8 30. h5 Rfe7 31. hxg6 hxg6 32. gxf6+ Nxf6 33. Ba3 Rxe6 34.
Rxe6 Bc7 35. Be7 Ne4 36. Bxe4 dxe4 37. Rxe4 Nc8 38. Ba3 Nd6 39. Rg4 Nf5 40. Bb2
Kh6 41. Bc1+ Kg7 42. Nh4 Nxh4 43. Rxh4 Bd8 44. Re4 Bf6 45. Be3 Kf7 46. Kg2 a6
47. a4 Rd8 48. Kf3 Rh8 49. Bf4 Rh5 50. Bg3 Rf5+ 51. Ke3 Rh5 52. Kd3 Bg7 53. Be5
Bxe5 54. Rxe5 Rh3+ 55. Re3 Rh5 56. Kc3 Rf5 57. f3 g5 58. Kb4 a5+ 59. Kc3 b6 60.
b4 axb4+ 61. Kxb4 c5+ 62. dxc5 Rxc5 63. Rd3 Ke6 64. Rd5 Rxd5 65. cxd5+ Kxd5 66.
Kb5 Kd4 67. Kxb6 Ke3 68. a5 Kxf3 69. a6 1-0

[Event "Seniorenkampioenschap 2008"]
[Site "Oosterbeek"]
[Date "2008.07.08"]
[Round "4"]
[White "Markus, J.R.."]
[Black "Goossen, T.P.."]
[Result "1-0"]
[WhiteElo "2148"]
[BlackElo "2019"]
[PlyCount "117"]
[EventDate "2008.07.07"]
[EventType "swiss"]
[EventRounds "7"]
[EventCountry "NED"]

1. Nf3 d5 2. g3 Nd7 3. d3 e5 4. Nbd2 Ngf6 5. Bg2 Bc5 6. e3 O-O 7. O-O c6 8. a3
Bb6 9. c4 a5 10. b3 Re8 11. Bb2 Ng4 12. Qe2 f5 13. cxd5 cxd5 14. h3 Ngf6 15. d4
e4 16. Ne5 Nxe5 17. dxe5 Nd7 18. f4 Nc5 19. Bd4 Ne6 20. Bxb6 Qxb6 21. Kh1 Bd7
22. a4 Rac8 23. Rac1 Nc5 24. Rc3 Ne6 25. Rxc8 Rxc8 26. g4 Nc5 27. gxf5 Bxf5 28.
Rc1 Nxb3 29. Rxc8+ Bxc8 30. Nf1 Nc5 31. Ng3 g6 32. Qd1 Be6 33. f5 Nd3 34. Qf1
gxf5 35. Nxf5 Nxe5 36. Qf4 Bxf5 37. Qxf5 Qd6 38. Qc8+ Kf7 39. Qxb7+ Qd7 40. Qb8
Nc4 41. Qf4+ Kg6 42. Qg3+ Kf6 43. Qh4+ Kg6 44. Qg3+ Kf7 45. Qf4+ Ke7 46. h4
Qxa4 47. Qg5+ Kd6 48. Qf6+ Kc7 49. Qd4 Qc6 50. Qa7+ Kd6 51. Qxh7 a4 52. h5 a3
53. h6 a2 54. Qa7 Ke5 55. Qd4+ Kf5 56. Bh3+ Kg5 57. h7 Qb7 58. h8=Q Qb1+ 59.
Kh2 1-0

[Event "Seniorenkampioenschap 2008"]
[Site "Oosterbeek"]
[Date "2008.07.08"]
[Round "4"]
[White "Monté,  P.J.."]
[Black "Arp,  F.L.."]
[Result "0-1"]
[WhiteElo "2044"]
[BlackElo "1913"]
[PlyCount "102"]
[EventDate "2008.07.07"]
[EventType "swiss"]
[EventRounds "7"]
[EventCountry "NED"]

1. f4 d5 2. Nf3 Nf6 3. e3 e6 4. b3 c5 5. Bb2 Nc6 6. Bb5 Bd7 7. O-O Be7 8. Bxc6
Bxc6 9. Ne5 Qc7 10. d3 h5 11. Nd2 Bd6 12. Ndf3 Ng4 13. Nxg4 hxg4 14. Ne5 f5 15.
Nxg4 fxg4 16. Qxg4 O-O-O 17. Qxg7 d4 18. Qxc7+ Bxc7 19. Rae1 Rhg8 20. e4 b5 21.
f5 Rh8 22. g3 Bd7 23. fxe6 Bxe6 24. Rf6 Ba5 25. Ref1 Rde8 26. Bc1 Bd8 27. Rg6
Rh7 28. h4 c4 29. Bf4 Bc7 30. Bxc7 Rxc7 31. Rff6 cxd3 32. cxd3 Rc1+ 33. Kg2
Rc2+ 34. Kf3 Kd7 35. Kf4 Rxa2 36. Rg7+ Re7 37. Rxe7+ Kxe7 38. Ke5 Bxb3 39. Rg6
Bf7 40. Rc6 Be8 41. Rc7+ Kd8 42. Rg7 b4 43. Rb7 a5 44. Kd6 Kc8 45. Rc7+ Kb8 46.
Re7 Bb5 47. Kc5 b3 48. Re6 Rc2+ 49. Kxb5 b2 50. Rb6+ Kc7 51. Kxa5 Rc5+ 0-1

[Event "Seniorenkampioenschap 2008"]
[Site "Oosterbeek"]
[Date "2008.07.08"]
[Round "4"]
[White "Ruiter, T. de"]
[Black "Plijter, M.W.."]
[Result "1-0"]
[WhiteElo "2093"]
[BlackElo "1935"]
[PlyCount "79"]
[EventDate "2008.07.07"]
[EventType "swiss"]
[EventRounds "7"]
[EventCountry "NED"]

1. e4 e6 2. d3 d5 3. Nd2 Nf6 4. Ngf3 c5 5. c3 Nc6 6. Qc2 Bd7 7. Be2 Qc7 8. O-O
Bd6 9. Re1 O-O 10. Nf1 h6 11. Ng3 Rae8 12. Bd1 b5 13. Qe2 e5 14. a4 b4 15. Nh4
bxc3 16. bxc3 Ne7 17. h3 g5 18. Qf3 Kg7 19. Nhf5+ Nxf5 20. Nxf5+ Bxf5 21. Qxf5
Qc8 22. Qf3 d4 23. Qg3 Qe6 24. h4 Rg8 25. Rb1 Rb8 26. Rxb8 Bxb8 27. hxg5 hxg5
28. cxd4 cxd4 29. Bxg5 Kf8 30. Qh4 Nd7 31. Bg4 Qg6 32. Be7+ Ke8 33. f3 Bd6 34.
Rc1 Nb6 35. Bxd6 Qxd6 36. a5 Qa3 37. Qe1 Na4 38. Rc8+ Ke7 39. Rxg8 Nc3 40. Qh4+
1-0

[Event "Seniorenkampioenschap 2008"]
[Site "Oosterbeek"]
[Date "2008.07.08"]
[Round "4"]
[White "Berg, A.M.J. van den"]
[Black "Vogel, J.."]
[Result "1/2-1/2"]
[WhiteElo "2204"]
[BlackElo "2241"]
[PlyCount "94"]
[EventDate "2008.07.07"]
[EventType "swiss"]
[EventRounds "7"]
[EventCountry "NED"]

1. c4 Nf6 2. Nc3 d5 3. cxd5 Nxd5 4. Nf3 c5 5. e4 Nxc3 6. dxc3 Qxd1+ 7. Kxd1 g6
8. Be3 b6 9. Bc4 Bb7 10. Ne5 e6 11. Bb5+ Ke7 12. f3 Bg7 13. Bf4 f6 14. Nd3 Nc6
15. a4 Rhd8 16. Kc2 Na5 17. b3 Rac8 18. Nb2 e5 19. Be3 f5 20. exf5 gxf5 21.
Rhe1 Kf6 22. Bf2 Kg5 23. Be3+ Kg6 24. Nc4 Nxc4 25. Bxc4 Rd6 26. Red1 Rcd8 27.
Rxd6+ Rxd6 28. a5 Bh6 29. Bxh6 Kxh6 30. axb6 axb6 31. Ra7 Bc6 32. Re7 e4 33. f4
Kg6 34. g3 h6 35. Re6+ Rxe6 36. Bxe6 Kf6 37. Bc8 Bb5 38. Kd2 Bf1 39. Ke3 h5 40.
Bd7 Bh3 41. Bb5 Kg6 42. b4 Kh6 43. bxc5 bxc5 44. Be2 Bg2 45. Kf2 Bh3 46. Bb5
Kg6 47. Be8+ Kh6 1/2-1/2

[Event "Seniorenkampioenschap 2008"]
[Site "Oosterbeek"]
[Date "2008.07.08"]
[Round "4"]
[White "Hartoch, R.G.."]
[Black "Mostertman, L.G.."]
[Result "1/2-1/2"]
[WhiteElo "2216"]
[BlackElo "1942"]
[PlyCount "22"]
[EventDate "2008.07.07"]
[EventType "swiss"]
[EventRounds "7"]
[EventCountry "NED"]

1. Nf3 c5 2. g3 g6 3. Bg2 Bg7 4. d4 cxd4 5. Nxd4 d5 6. O-O e5 7. Nb5 a6 8. N5c3
d4 9. Nd5 Be6 10. c4 Nc6 11. e4 Nge7 1/2-1/2

[Event "Seniorenkampioenschap 2008"]
[Site "Oosterbeek"]
[Date "2008.07.08"]
[Round "4"]
[White "Grotenhuis, G.H.."]
[Black "Graaf, R.A.G. de"]
[Result "0-1"]
[WhiteElo "1958"]
[BlackElo "2143"]
[PlyCount "90"]
[EventDate "2008.07.07"]
[EventType "swiss"]
[EventRounds "7"]
[EventCountry "NED"]

1. Nf3 d5 2. d4 Nf6 3. g3 Bf5 4. Bg2 e6 5. O-O Be7 6. c4 c6 7. Ne5 O-O 8. Nc3
Nbd7 9. f4 h6 10. Kh1 Bh7 11. Bf3 Nxe5 12. dxe5 Nd7 13. cxd5 cxd5 14. e4 dxe4
15. Nxe4 Nc5 16. Nxc5 Bxc5 17. Bd2 Bd3 18. Re1 Bf2 19. Bb4 Bxe1 20. Bxf8 Kxf8
21. Qxe1 Qb6 22. Qd2 Rd8 23. Rd1 Rd7 24. Qg2 Qe3 25. Rg1 Rc7 26. g4 Rc2 27. Qg3
Rf2 28. Bg2 Qe2 29. h3 Be4 30. f5 Rxg2 31. Rxg2 Qxg2+ 32. Qxg2 Bxg2+ 33. Kxg2
Ke7 34. Kf3 f6 35. Kf4 b5 36. h4 a5 37. fxe6 Kxe6 38. exf6 gxf6 39. Ke4 h5 40.
gxh5 f5+ 41. Kf4 b4 42. Kg5 a4 43. Kg6 b3 44. axb3 a3 45. h6 a2 0-1

[Event "Seniorenkampioenschap 2008"]
[Site "Oosterbeek"]
[Date "2008.07.08"]
[Round "4"]
[White "Etmans, M.D.."]
[Black "Taal, A.P.."]
[Result "1/2-1/2"]
[WhiteElo "2135"]
[BlackElo "1930"]
[PlyCount "94"]
[EventDate "2008.07.07"]
[EventType "swiss"]
[EventRounds "7"]
[EventCountry "NED"]

1. e3 c5 2. Nf3 Nf6 3. b3 g6 4. Bb2 Bg7 5. Be2 O-O 6. O-O Nc6 7. c4 e6 8. d4
cxd4 9. Nxd4 b6 10. Nxc6 dxc6 11. Qc2 Qc7 12. f4 Bb7 13. Be5 Qe7 14. Bf3 c5 15.
Nc3 Rfd8 16. Rad1 Bxf3 17. gxf3 Rxd1 18. Rxd1 Rd8 19. Nb5 Ne8 20. Rxd8 Qxd8 21.
Nxa7 Qa8 22. Bxg7 Kxg7 23. Nb5 Qxf3 24. Qc3+ f6 25. Qd2 Qc6 26. Qd8 Kf7 27. a3
e5 28. fxe5 fxe5 29. e4 Qe6 30. Qd5 Kf6 31. Qd1 h5 32. Nc3 Kg7 33. Nd5 Nf6 34.
Qf3 Nd7 35. Kg2 Qf7 36. Qg3 Kh6 37. h4 Qe6 38. Qg5+ Kg7 39. b4 cxb4 40. axb4
Nf6 41. Nxf6 Qxf6 42. Qg3 Qe7 43. Qc3 Qxh4 44. Qxe5+ Qf6 45. Qxf6+ Kxf6 46. c5
bxc5 47. bxc5 Ke5 1/2-1/2

[Event "Seniorenkampioenschap 2008"]
[Site "Oosterbeek"]
[Date "2008.07.08"]
[Round "4"]
[White "Duijn, R. van"]
[Black "Piket, J.J.."]
[Result "0-1"]
[WhiteElo "1919"]
[BlackElo "2101"]
[PlyCount "62"]
[EventDate "2008.07.07"]
[EventType "swiss"]
[EventRounds "7"]
[EventCountry "NED"]

1. e4 g6 2. Bc4 Bg7 3. Nc3 d6 4. d3 c6 5. a4 a5 6. Nge2 Nf6 7. Bg5 h6 8. Bd2
O-O 9. Ba2 Na6 10. Ng3 e5 11. h4 Nb4 12. Bb3 Kh7 13. Qc1 Qb6 14. Be3 Nxd3+ 15.
cxd3 Qxb3 16. h5 g5 17. Ra3 Qb4 18. Kf1 d5 19. Nxd5 cxd5 20. Bc5 Qxa3 21. Bxa3
Re8 22. f3 Be6 23. Kf2 Rac8 24. Qd2 dxe4 25. Nxe4 Nxe4+ 26. dxe4 Red8 27. Qxa5
Rc2+ 28. Kg3 Rdd2 29. Rg1 g4 30. Qb4 gxf3 31. gxf3 Rh2 0-1

[Event "Seniorenkampioenschap 2008"]
[Site "Oosterbeek"]
[Date "2008.07.08"]
[Round "4"]
[White "Leeuwen, E. van"]
[Black "Berge, H.J.M. ten"]
[Result "1-0"]
[WhiteElo "2060"]
[BlackElo "1941"]
[PlyCount "53"]
[EventDate "2008.07.07"]
[EventType "swiss"]
[EventRounds "7"]
[EventCountry "NED"]

1. e4 e6 2. d4 d5 3. Nc3 Bb4 4. e5 c5 5. a3 Bxc3+ 6. bxc3 Qa5 7. Bd2 cxd4 8.
cxd4 Qa4 9. Qg4 Ne7 10. Nf3 Kf8 11. Bd3 Nbc6 12. O-O b6 13. Qh5 h6 14. Ng5 g6
15. Qh4 Qxd4 16. Bf4 Nf5 17. Bxf5 gxf5 18. Nf3 Qc4 19. Bxh6+ Ke8 20. Qf6 Rg8
21. Ng5 Nd8 22. Nh7 Qg4 23. Bg5 Kd7 24. Qe7+ Kc6 25. Qd6+ Kb7 26. f4 Nc6 27.
Nf6 1-0

[Event "Seniorenkampioenschap 2008"]
[Site "Oosterbeek"]
[Date "2008.07.08"]
[Round "4"]
[White "Caspel, R.D.J. van"]
[Black "Nagel, J.G.."]
[Result "1-0"]
[WhiteElo "2056"]
[BlackElo "1925"]
[PlyCount "49"]
[EventDate "2008.07.07"]
[EventType "swiss"]
[EventRounds "7"]
[EventCountry "NED"]

1. d4 Nf6 2. c4 e6 3. Nc3 d5 4. cxd5 exd5 5. Bg5 Be7 6. e3 O-O 7. Bd3 h6 8. Bh4
c6 9. Qc2 Be6 10. Nge2 Nh5 11. Bxe7 Qxe7 12. Ng3 Nf6 13. O-O Nbd7 14. Rae1 Nb6
15. e4 Nxe4 16. Bxe4 dxe4 17. Ncxe4 Qd8 18. b3 Bd5 19. Nc5 Rb8 20. Nf5 Re8 21.
Rxe8+ Qxe8 22. Qc3 Kh8 23. Re1 Qc8 24. Qg3 g6 25. Qe5+ 1-0

[Event "Seniorenkampioenschap 2008"]
[Site "Oosterbeek"]
[Date "2008.07.08"]
[Round "4"]
[White "Peut, A. van der"]
[Black "Scholten, K.R.."]
[Result "0-1"]
[WhiteElo "1893"]
[BlackElo "1968"]
[PlyCount "71"]
[EventDate "2008.07.07"]
[EventType "swiss"]
[EventRounds "7"]
[EventCountry "NED"]

1. e4 c5 2. Nc3 e6 3. g3 d5 4. exd5 exd5 5. Bg2 d4 6. Nd5 Bd6 7. d3 Ne7 8. Nxe7
Qxe7+ 9. Ne2 O-O 10. O-O Nc6 11. Nf4 Bf5 12. Nd5 Qd7 13. Bf4 Bxf4 14. Nxf4 Bg4
15. Bf3 Ne5 16. Bxg4 Qxg4 17. Qxg4 Nxg4 18. Rfe1 Rfe8 19. Kg2 Kf8 20. h3 Nf6
21. Kf1 g5 22. Ng2 Nd5 23. a3 Rxe1+ 24. Rxe1 Re8 25. Rxe8+ Kxe8 26. Ke2 Ke7 27.
Kf3 h5 28. g4 h4 29. Ke4 Ke6 30. f4 f6 31. Kf3 b5 32. Ke4 a6 33. Kf3 a5 34. Ke4
a4 35. fxg5 fxg5 36. Ne1 0-1

[Event "Seniorenkampioenschap 2008"]
[Site "Oosterbeek"]
[Date "2008.07.08"]
[Round "4"]
[White "Wouters, J.T.M.."]
[Black "Rooi, P. de"]
[Result "1/2-1/2"]
[WhiteElo "1922"]
[BlackElo "1951"]
[PlyCount "46"]
[EventDate "2008.07.07"]
[EventType "swiss"]
[EventRounds "7"]
[EventCountry "NED"]

1. e4 d6 2. d4 Nf6 3. Nc3 Nbd7 4. Nf3 c5 5. Be2 g6 6. O-O Bg7 7. h3 cxd4 8.
Nxd4 O-O 9. Be3 Nc5 10. Bf3 Bd7 11. Qd2 a6 12. Rad1 Qc7 13. Nd5 Nxd5 14. exd5
Na4 15. c3 Rac8 16. Rfe1 Rfe8 17. Bg5 Be5 18. Be2 Nb6 19. Nf3 Bg7 20. Bh6 Nc4
21. Bxc4 Qxc4 22. Bxg7 Kxg7 23. Qd4+ Qxd4 1/2-1/2

[Event "Seniorenkampioenschap 2008"]
[Site "Oosterbeek"]
[Date "2008.07.08"]
[Round "4"]
[White "Wilmink, J.."]
[Black "Haitsma, A.H.."]
[Result "1/2-1/2"]
[WhiteElo "2024"]
[BlackElo "2011"]
[PlyCount "70"]
[EventDate "2008.07.07"]
[EventType "swiss"]
[EventRounds "7"]
[EventCountry "NED"]

1. d4 Nf6 2. c4 e6 3. Nc3 Bb4 4. e3 O-O 5. Bd3 d5 6. Nf3 c5 7. a3 cxd4 8. exd4
dxc4 9. Bxc4 Be7 10. O-O Nbd7 11. Bg5 Nb6 12. Bb3 Nbd5 13. Nxd5 Nxd5 14. Bxd5
Bxg5 15. Be4 Bf6 16. Qd3 h6 17. Rfd1 Qd6 18. Rac1 Bd7 19. g3 Rab8 20. Ne5 Rfd8
21. f4 Qb6 22. b4 Ba4 23. Rd2 Rbc8 24. Rc5 Be7 25. Rc3 Bb5 26. Qe3 Qa6 27. Kg2
Bd6 28. d5 Bxe5 29. fxe5 exd5 30. Bxd5 Rxc3 31. Qxc3 Bc6 32. Qf3 Rxd5 33. Rxd5
Bxd5 34. Qxd5 Qe2+ 35. Kg1 Qe1+ 1/2-1/2

[Event "Seniorenkampioenschap 2008"]
[Site "Oosterbeek"]
[Date "2008.07.09"]
[Round "5"]
[White "Arp,  F.L.."]
[Black "Markus, J.R.."]
[Result "0-1"]
[WhiteElo "1913"]
[BlackElo "2148"]
[PlyCount "132"]
[EventDate "2008.07.07"]
[EventType "swiss"]
[EventRounds "7"]
[EventCountry "NED"]

1. e4 g6 2. d4 d6 3. Nc3 a6 4. Be3 Nf6 5. Be2 Nbd7 6. h4 h6 7. Nh3 b5 8. a3 Bb7
9. f3 c5 10. d5 Qc7 11. Nf2 e6 12. f4 b4 13. dxe6 bxc3 14. exd7+ Qxd7 15. Bf3
O-O-O 16. bxc3 Bg7 17. Rb1 Rhe8 18. e5 dxe5 19. Bxb7+ Qxb7 20. Qxd8+ Rxd8 21.
Rxb7 Kxb7 22. fxe5 Nd5 23. Bxc5 Bxe5 24. Bd4 Bd6 25. O-O Bxa3 26. Ng4 f5 27.
Ne5 Ne7 28. Rb1+ Kc8 29. Ra1 Bd6 30. Nf7 Rd7 31. Rxa6 Bg3 32. Ra8+ Kb7 33. Ra7+
Kc6 34. Rxd7 Kxd7 35. h5 gxh5 36. Be5 Bh4 37. g3 Bg5 38. Bf4 Bxf4 39. gxf4 Ke6
40. Ne5 Nd5 41. Nd3 Nxc3 42. Kh2 Kd5 43. Kg3 Ke4 44. Kh4 Ne2 45. Ne1 Nxf4 46.
c4 Kd4 47. Nc2+ Kd3 48. Na3 Ng6+ 49. Kxh5 Ne5 50. c5 f4 51. c6 Nxc6 52. Kg4 Ke4
53. Nb5 Ne5+ 54. Kh3 Nf7 55. Nc3+ Kf3 56. Nd5 Ke4 57. Nf6+ Kf5 58. Nd5 Ne5 59.
Kh4 Nf7 60. Nc3 Ne5 61. Nd5 Ke4 62. Nc3+ Kd4 63. Nd1 Kd3 64. Nf2+ Ke3 65. Nh3
f3 66. Kg3 Nd3 0-1

[Event "Seniorenkampioenschap 2008"]
[Site "Oosterbeek"]
[Date "2008.07.09"]
[Round "5"]
[White "Graaf, R.A.G. de"]
[Black "Ruiter, T. de"]
[Result "1/2-1/2"]
[WhiteElo "2143"]
[BlackElo "2093"]
[PlyCount "24"]
[EventDate "2008.07.07"]
[EventType "swiss"]
[EventRounds "7"]
[EventCountry "NED"]

1. d4 Nf6 2. Nf3 d6 3. Nc3 c6 4. e4 g6 5. Be3 Bg7 6. h3 Qa5 7. Qd2 Nbd7 8. Bd3
e5 9. dxe5 Nxe5 10. Nxe5 dxe5 11. O-O Be6 12. Nd5 Qxd2 1/2-1/2

[Event "Seniorenkampioenschap 2008"]
[Site "Oosterbeek"]
[Date "2008.07.09"]
[Round "5"]
[White "Vogel, J.."]
[Black "Leeuwen, E. van"]
[Result "1-0"]
[WhiteElo "2241"]
[BlackElo "2060"]
[PlyCount "59"]
[EventDate "2008.07.07"]
[EventType "swiss"]
[EventRounds "7"]
[EventCountry "NED"]

1. Nf3 Nf6 2. g3 g6 3. Bg2 Bg7 4. O-O O-O 5. d4 d5 6. c4 dxc4 7. Na3 c3 8. bxc3
c5 9. e3 Nc6 10. Bb2 e5 11. Nc4 exd4 12. cxd4 cxd4 13. Nxd4 Nxd4 14. Bxd4 Be6
15. Qa4 Bd5 16. Bxf6 Bxf6 17. Rad1 b5 18. Qxb5 Bxc4 19. Qxc4 Rc8 20. Qa6 Qe7
21. Rc1 Rxc1 22. Rxc1 Rd8 23. h4 Rd6 24. Rc8+ Kg7 25. Qc4 Rd2 26. Kh2 Rd7 27.
Bf3 Be5 28. Qa4 Bd6 29. Kg2 Rd8 30. Rxd8 1-0

[Event "Seniorenkampioenschap 2008"]
[Site "Oosterbeek"]
[Date "2008.07.09"]
[Round "5"]
[White "Piket, J.J.."]
[Black "Monté,  P.J.."]
[Result "0-1"]
[WhiteElo "2101"]
[BlackElo "2044"]
[PlyCount "48"]
[EventDate "2008.07.07"]
[EventType "swiss"]
[EventRounds "7"]
[EventCountry "NED"]

1. d4 e6 2. Nf3 f5 3. c4 Nf6 4. Bf4 d6 5. Nc3 Be7 6. h3 O-O 7. e3 Qe8 8. Qc2
Nc6 9. g4 Bd8 10. gxf5 e5 11. dxe5 dxe5 12. Bg3 e4 13. Nh4 Nb4 14. Qd1 Rf7 15.
c5 Kh8 16. Bc4 Rd7 17. Qe2 Nd3+ 18. Bxd3 exd3 19. Qf3 d2+ 20. Kd1 Be7 21. e4
Qd8 22. e5 Rd3 23. Qe2 Ng8 24. Ne4 Qd4 0-1